La liberación del hombre : el mensaje de la Biblia /

Guardat en:
Dades bibliogràfiques
Autor principal: Dreher, Bruno (autor)
Format: Llibre
Idioma:espanyol
Publicat: Estella, España : Verbo Divino, 1971, c1971
Matèries:
Etiquetes: Afegir etiqueta
Sense etiquetes, Sigues el primer a etiquetar aquest registre!

MARC

LEADER 00000nam^a2200000^a^4500
001 000186869
005 20250521000000.0
009 20260310102240.392
037 |a Acervo ITESO - Biblioteca 
041 |a ESP 
082 |a 261.  |b DRE 
100 |a Dreher, Bruno  |e (autor) 
245 1 3 |a La liberación del hombre :  |b el mensaje de la Biblia /  |c B. Dreher. 
264 4 |a Estella, España :  |b Verbo Divino,  |c 1971, c1971 
300 |a 225 p. 
336 |a texto  |b txt  |2 rdacontenido 
337 |a sin mediación  |b n  |2 rdamedio 
338 |a volumen  |b nc  |2 rdasoporte 
649 |a XX 
650 |a Biblia -  |x Historia y Crítica 
650 |a Teología de la Liberación 
650 |a Iglesia y Problemas Sociales 
650 |a Cristianismo 
650 |a Catolicismo 
650 |a Religión 
910 |a Fondo General 
920 |a Impresos - Libros 
930 |a Colección General 
905 |a 101 
901 |a 0500128552  |b IT1  |c ACC  |u 20250521 
902 |a https://opac.biblio.iteso.mx/vufind/Record/000186869